| 000 | 00508nam a2200181Ia 4500 | ||
|---|---|---|---|
| 001 | 18685 | ||
| 005 | 20260306171649.0 | ||
| 008 | 260306s9999||||xx |||||||||||||| ||und|| | ||
| 041 | _aESP | ||
| 082 |
_a657.452 _bL86 |
||
| 100 |
_aLópez Cruz, Fernando _eAUT |
||
| 245 | 0 | _aGuía para elaborar el informe de auditoría independiente con base en normas internacionales de auditoría | |
| 260 | _c2013 | ||
| 300 |
_a152 páginas : _c22 cm. |
||
| 650 | _aGEN | ||
| 654 | _aCCO | ||
| 942 |
_cLIB _dJUS _fJUS _2ddc _n |
||
| 999 |
_c18685 _d18685 |
||